<?xml version="1.0" encoding="UTF-8"?>
<record
    xmlns:xsi="http://www.w3.org/2001/XMLSchema-instance"
    xsi:schemaLocation="http://www.loc.gov/MARC21/slim http://www.loc.gov/standards/marcxml/schema/MARC21slim.xsd"
    xmlns="http://www.loc.gov/MARC21/slim">

  <leader>01320cam a2200373 i 4500</leader>
  <controlfield tag="001">C010062024132</controlfield>
  <controlfield tag="003">yeezen</controlfield>
  <controlfield tag="005">20250701151253.0</controlfield>
  <controlfield tag="008">241022s2023    ch ad  g      000 0 chi d</controlfield>
  <datafield tag="020" ind1=" " ind2=" ">
    <subfield code="a">9786267093313</subfield>
    <subfield code="q">(&#x5E73;&#x88DD;) :</subfield>
    <subfield code="c">NT$1100</subfield>
  </datafield>
  <datafield tag="035" ind1=" " ind2=" ">
    <subfield code="a">(Sirsi) C010062024132</subfield>
  </datafield>
  <datafield tag="040" ind1=" " ind2=" ">
    <subfield code="a">NTUNHS</subfield>
    <subfield code="b">chi</subfield>
    <subfield code="c">NTUNHS</subfield>
  </datafield>
  <datafield tag="041" ind1="1" ind2=" ">
    <subfield code="a">chi</subfield>
    <subfield code="h">eng</subfield>
  </datafield>
  <datafield tag="042" ind1=" " ind2=" ">
    <subfield code="a">nbic</subfield>
  </datafield>
  <datafield tag="084" ind1=" " ind2=" ">
    <subfield code="a">416.5</subfield>
    <subfield code="2">ncsclt</subfield>
  </datafield>
  <datafield tag="090" ind1=" " ind2=" ">
    <subfield code="a">416.5</subfield>
  </datafield>
  <datafield tag="100" ind1="1" ind2=" ">
    <subfield code="a">&#x4F0A;&#x5229;&#x6C99;</subfield>
    <subfield code="c">(Elisha, Sass)</subfield>
  </datafield>
  <datafield tag="240" ind1="1" ind2="0">
    <subfield code="a">Current anesthesia practice.</subfield>
    <subfield code="l">&#x4E2D;&#x6587;</subfield>
  </datafield>
  <datafield tag="245" ind1="1" ind2="0">
    <subfield code="a">&#x6700;&#x65B0;&#x9EBB;&#x9189;&#x8B77;&#x7406;&#x5BE6;&#x52D9; :</subfield>
    <subfield code="b">&#x57F7;&#x696D;&#x56DB;&#x5927;&#x6838;&#x5FC3;&#x77E5;&#x8B58;&#x6307;&#x5357; /</subfield>
    <subfield code="c">Sass Elisha, John J. Nagelhout, Jeremy S. Heiner&#x4F5C; ; &#x65B9;&#x90C1;&#x5D50;&#x7B49;&#x7FFB;&#x8B6F;</subfield>
  </datafield>
  <datafield tag="246" ind1="1" ind2=" ">
    <subfield code="i">&#x539F;&#x6587;&#x526F;&#x984C;&#x540D; :</subfield>
    <subfield code="a">evaluation &amp; certification review.</subfield>
  </datafield>
  <datafield tag="246" ind1="3" ind2="0">
    <subfield code="a">&#x57F7;&#x696D;&#x56DB;&#x5927;&#x6838;&#x5FC3;&#x77E5;&#x8B58;&#x6307;&#x5357;</subfield>
  </datafield>
  <datafield tag="246" ind1="3" ind2="3">
    <subfield code="a">&#x9EBB;&#x9189;&#x8B77;&#x7406;&#x5BE6;&#x52D9;</subfield>
  </datafield>
  <datafield tag="250" ind1=" " ind2=" ">
    <subfield code="a">&#x4E00;&#x7248;</subfield>
  </datafield>
  <datafield tag="260" ind1=" " ind2=" ">
    <subfield code="a">&#x81FA;&#x5317;&#x5E02; :</subfield>
    <subfield code="b">&#x81FA;&#x7063;&#x611B;&#x601D;&#x552F;&#x723E;,</subfield>
    <subfield code="c">2023.09</subfield>
  </datafield>
  <datafield tag="300" ind1=" " ind2=" ">
    <subfield code="a">8, 412&#x9762; :</subfield>
    <subfield code="b">&#x90E8;&#x4EFD;&#x5F69;&#x5716;, &#x8868;&#x683C; ;</subfield>
    <subfield code="c">26&#x516C;&#x5206;</subfield>
  </datafield>
  <datafield tag="500" ind1=" " ind2=" ">
    <subfield code="a">&#x9644;&#x9304;: 1. &#x77E5;&#x8B58;&#x6E2C;&#x9A57;&#x89E3;&#x7B54; ; 2. &#x5F69;&#x8272;&#x5716;&#x7247;</subfield>
  </datafield>
  <datafield tag="500" ind1=" " ind2=" ">
    <subfield code="a">&#x8B6F;&#x81EA;: Current anesthesia practice : evaluation &amp; certification review.</subfield>
  </datafield>
  <datafield tag="650" ind1=" " ind2="7">
    <subfield code="a">&#x9EBB;&#x9189;&#x5B78;</subfield>
    <subfield code="2">lcstt.</subfield>
  </datafield>
  <datafield tag="650" ind1=" " ind2="7">
    <subfield code="a">&#x5C08;&#x79D1;&#x8B77;&#x7406;&#x5E2B;</subfield>
    <subfield code="2">lcstt.</subfield>
  </datafield>
  <datafield tag="700" ind1="1" ind2=" ">
    <subfield code="a">&#x7D0D;&#x5409;&#x4FAF;&#x7279;</subfield>
    <subfield code="c">(Nagelhout, John J.)</subfield>
  </datafield>
  <datafield tag="700" ind1="1" ind2=" ">
    <subfield code="a">&#x6D77;&#x7D0D;</subfield>
    <subfield code="c">(Heiner, Jeremy S.)</subfield>
  </datafield>
  <datafield tag="700" ind1="1" ind2=" ">
    <subfield code="a">&#x65B9;&#x90C1;&#x5D50;</subfield>
  </datafield>
  <datafield tag="942" ind1=" " ind2=" ">
    <subfield code="2">ccl</subfield>
    <subfield code="c">LNTERM</subfield>
  </datafield>
  <datafield tag="999" ind1=" " ind2=" ">
    <subfield code="c">7647</subfield>
    <subfield code="d">7647</subfield>
  </datafield>
  <datafield tag="952" ind1=" " ind2=" ">
    <subfield code="0">0</subfield>
    <subfield code="1">0</subfield>
    <subfield code="2">ccl</subfield>
    <subfield code="4">0</subfield>
    <subfield code="7">0</subfield>
    <subfield code="a">yeezen</subfield>
    <subfield code="b">yeezen</subfield>
    <subfield code="c">N017</subfield>
    <subfield code="d">2025-07-01</subfield>
    <subfield code="l">5</subfield>
    <subfield code="m">1</subfield>
    <subfield code="o">416.5</subfield>
    <subfield code="p">C03233</subfield>
    <subfield code="q">2026-06-30</subfield>
    <subfield code="r">2026-01-02 00:00:00</subfield>
    <subfield code="s">2026-01-02</subfield>
    <subfield code="w">2025-07-01</subfield>
    <subfield code="y">LNTERM</subfield>
  </datafield>
</record>
